000
00291nam a2200121Ia 4500
008
140130s9999 xx 000 0 und d
245
_c
Wallace, Nancy Elizabeth
_a
Apples, apples, apples
260
_b
Scholastic,
_c
2000
440
_v
1
521
_a
Grade 1
942
_c
BK
999
_c
40045
_d
40045